000 00411nam a2200181Ia 4500
001 3720
005 20260306145704.0
008 260306t2000||||xx |||||||||||||| ||spa||
041 _aESP
082 _a302.14
_bR71
100 _aRobbins, Harvey
_eAUT
245 0 _aTranscompetencia
260 _c2000
300 _axx, 296 páginas :
_c23 cm.
650 _aGEN
654 _aCHU
942 _cLIB
_dJUS
_fJUS
_2ddc
_n
999 _c3720
_d3720